[Event "U.S. Open"]
[Site "Concord, Calif."]
[Date "1995.08.08"]
[Round "3"]
[White "Moody, David"]
[Black "Keating-Clay, Adrian"]
[Result "0-1"]
[WhiteElo "2019"]
[BlackElo "2281"]
[PlyCount "56"]
[EventDate "1995.08.06"]

1. e4 c5 2. Nf3 Nc6 3. d4 cxd4 4. Nxd4 Nf6 5. Nc3 e5 6. Ndb5 d6 7. Nd5 Nxd5 8.
exd5 Nb8 9. c4 Be7 10. Be3 a6 11. Nc3 Bg5 12. Bxg5 Qxg5 13. Ne4 Qg6 14. Bd3 f5
15. Ng3 O-O 16. Qd2 Nd7 17. Rc1 a5 18. h4 Nc5 19. Bb1 Bd7 20. h5 Qg4 21. Rh3 f4
22. Qc2 e4 23. f3 Qg5 24. Nxe4 Nxe4 25. fxe4 Bxh3 26. gxh3 Qg1+ 27. Kd2 Qe3+
28. Kd1 Qxh3 0-1

[Event "U.S. Open"]
[Site "Concord, Calif."]
[Date "1995.08.09"]
[Round "4"]
[White "Carson, Phil"]
[Black "Moody, David"]
[Result "0-1"]
[WhiteElo "1601"]
[BlackElo "2019"]
[PlyCount "44"]
[EventDate "1995.08.06"]

1. e4 e5 2. d4 exd4 3. f4 d5 4. e5 Bc5 5. Bd3 Ne7 6. Nf3 Nbc6 7. O-O Bf5 8. Ng5
Bxd3 9. cxd3 Qd7 10. Re1 Nd8 11. Nxf7 Kxf7 12. e6+ Nxe6 13. f5 Nxf5 14. Qf3 g6
15. g4 Neg7 16. Re5 c6 17. gxf5 Nxf5 18. Bg5 Rhe8 19. Rxe8 Rxe8 20. Nd2 Qe6 21.
Rf1 Qe2 22. Qh3 Kg8 0-1

[Event "U.S. Open"]
[Site "Concord, Calif."]
[Date "1995.08.10"]
[Round "5"]
[White "Moody, David"]
[Black "Sanchez, Gabriel"]
[Result "0-1"]
[WhiteElo "2019"]
[BlackElo "2302"]
[PlyCount "52"]
[EventDate "1995.08.06"]

1. e4 e5 2. Nf3 Nc6 3. d4 exd4 4. Bc4 Be7 5. Nxd4 d6 6. O-O Nf6 7. Nc3 O-O 8.
h3 Nxd4 9. Qxd4 b6 10. Nd5 Nxd5 11. Bxd5 Bf6 12. Qa4 Bd7 13. Qa3 c6 14. Bc4 Re8
15. Qf3 Qe7 16. Bd3 c5 17. c3 Bc6 18. Bf4 Bxe4 19. Bxe4 Qxe4 20. Qxe4 Rxe4 21.
Bxd6 Rd8 22. Bg3 Re2 23. Rab1 Rdd2 24. Rfe1 Rxb2 25. Rxb2 Rxe1+ 26. Kh2 Bxc3
0-1

[Event "U.S. Open"]
[Site "Concord, Calif."]
[Date "1995.08.11"]
[Round "6"]
[White "Amparo, Gilbert"]
[Black "Moody, David"]
[Result "0-1"]
[WhiteElo "1721"]
[BlackElo "2019"]
[PlyCount "66"]
[EventDate "1995.08.06"]

1. e4 e5 2. Bc4 Nf6 3. Nc3 Nxe4 4. Bxf7+ Kxf7 5. Nxe4 d5 6. Qh5+ Kg8 7. Ng3 Nc6
8. c3 Bc5 9. Nf3 g6 10. Qh6 e4 11. Ng5 Bf8 12. Qh4 h6 13. Qf4 hxg5 14. Qe3 Ne5
15. d4 Nd3+ 16. Kd1 Bd6 17. Ne2 Bg4 18. f3 Bf4 19. Nxf4 gxf4 20. Qe2 Bf5 21. h3
e3 22. Rf1 Qh4 23. g4 Nf2+ 24. Rxf2 Qxf2 25. gxf5 Qxe2+ 26. Kxe2 Rxh3 27. fxg6
Rh2+ 28. Kd3 Kg7 29. b3 Rah8 30. c4 c6 31. Ba3 Rd2+ 32. Kc3 Rhh2 33. Bd6 Rxa2
0-1

[Event "U.S. Open"]
[Site "Concord, Calif."]
[Date "1995.08.13"]
[Round "7"]
[White "Moody, David"]
[Black "Marque, Michael"]
[Result "1-0"]
[WhiteElo "2019"]
[BlackElo "1581"]
[PlyCount "69"]
[EventDate "1995.08.06"]

1. e4 e6 2. d4 d5 3. Nc3 Bb4 4. e5 Qd7 5. a3 Bxc3+ 6. bxc3 b6 7. Qg4 f5 8. Qg3
Ba6 9. Bxa6 Nxa6 10. Ne2 Nb8 11. h4 Nc6 12. h5 Na5 13. h6 g6 14. Bg5 Nc4 15.
Qh4 Ne7 16. Nf4 Rf8 17. Bf6 Rc8 18. Nh3 Nc6 19. Bg7 Kf7 20. Qf6+ Kg8 21. Bxf8
Rxf8 22. Qg7+ Qxg7 23. hxg7 Re8 24. Ng5 h5 25. Ke2 Kxg7 26. f3 Kh6 27. Nh3 Ne7
28. Nf4 Nc6 29. g4 fxg4 30. fxg4 h4 31. Rxh4+ Kg5 32. Ng2 Rf8 33. Rh7 Kxg4 34.
Rg1 Rc8 35. Ne3+ 1-0

[Event "Lansing August Mini-Swiss.1"]
[Site "?"]
[Date "1995.08.13"]
[Round "1"]
[White "Horton, Deon"]
[Black "Aldrich, Jeff"]
[Result "0-1"]
[WhiteElo "1798"]
[BlackElo "1926"]
[PlyCount "52"]
[EventDate "1995.??.??"]

1. e4 c6 2. d4 d5 3. e5 Bf5 4. Nc3 e6 5. g4 Bg6 6. Nge2 c5 7. h4 h5 8. Nf4 cxd4
9. Nxg6 fxg6 10. Qxd4 Nc6 11. Bb5 Qd7 12. Qd3 O-O-O 13. Qxg6 Nge7 14. Qf7 d4
15. Ne4 Qd5 16. Bxc6 Nxc6 17. Qf4 Bb4+ 18. Bd2 Rhf8 19. Nf6 Qxh1+ 20. Ke2 Qxa1
21. Bxb4 Nxb4 22. Qd2 d3+ 23. Kf3 gxf6 24. Qxb4 fxe5+ 25. Ke3 Qc1+ 26. Ke4 Qf4#
0-1

[Event "Lansing August Mini-Swiss.1"]
[Site "?"]
[Date "1995.08.13"]
[Round "3"]
[White "Fuller, William"]
[Black "Aldrich, Jeff"]
[Result "1-0"]
[WhiteElo "2075"]
[BlackElo "1926"]
[PlyCount "141"]
[EventDate "1995.??.??"]

1. d4 d5 2. c4 c6 3. Nc3 Nf6 4. Nf3 e6 5. e3 Nbd7 6. a3 Be7 7. Bd3 O-O 8. O-O
dxc4 9. Bxc4 b5 10. Bd3 Bb7 11. e4 a6 12. e5 Nd5 13. Qc2 h6 14. Ne4 Qb6 15. Bd2
c5 16. dxc5 Nxc5 17. Nxc5 Bxc5 18. Ba5 Bxf2+ 19. Qxf2 Qxa5 20. Qh4 Qd8 21. Qe4
f5 22. exf6 Qb6+ 23. Nd4 Nxf6 24. Qxe6+ Qxe6 25. Nxe6 Rfc8 26. Rac1 Kf7 27. Nc5
Bd5 28. Bf5 Re8 29. Rfe1 a5 30. Nd7 Nxd7 31. Bxd7 Rxe1+ 32. Rxe1 b4 33. Re5 Bc4
34. Rc5 Bd3 35. axb4 axb4 36. Bf5 Rd8 37. Bg4 Rd4 38. Bh5+ g6 39. Rc7+ Kf6 40.
Bf3 Bf5 41. Rb7 Bc2 42. Kf2 b3 43. Rb6+ Ke5 44. Rb5+ Kd6 45. Be2 Ra4 46. Rb6+
Kc5 47. Ra6 Ra2 48. Ke3 Rxb2 49. Ra5+ Kb4 50. Rb5+ Ka4 51. Rb8 Ra2 52. Kd4 Bf5
53. Bc4 Bc2 54. Kc3 Ka5 55. Rb5+ Ka6 56. Rxb3+ Ka7 57. Rb4 Bb3 58. Bxb3 Rxg2
59. Rh4 Kb6 60. Kd4 h5 61. Be6 Kc7 62. Ke5 Kd8 63. Kf6 Rg1 64. Rd4+ Kc7 65. h4
Rg3 66. Bf7 Rg4 67. Rxg4 hxg4 68. Bxg6 Kd6 69. Be4 g3 70. h5 Kd7 71. h6 1-0

[Event "Lansing August Mini-Swiss.1"]
[Site "?"]
[Date "1995.08.13"]
[Round "2"]
[White "Aldrich, Jeff"]
[Black "Triplett, Thomas"]
[Result "1/2-1/2"]
[WhiteElo "1926"]
[BlackElo "1900"]
[PlyCount "135"]
[EventDate "1995.??.??"]

1. d4 Nf6 2. c4 g6 3. Nc3 Bg7 4. e4 d6 5. f3 O-O 6. Bg5 c6 7. Qd2 Nbd7 8. Nh3
a6 9. a4 b6 10. Nf2 Bb7 11. h4 c5 12. d5 Ne5 13. Be2 Bc8 14. g4 Bd7 15. h5 Qb8
16. Bh6 b5 17. Bxg7 Kxg7 18. hxg6 fxg6 19. Qh6+ Kg8 20. f4 Nf7 21. Qh4 bxa4 22.
Ncd1 Qb4+ 23. Kf1 Rfb8 24. g5 Nh5 25. Bxh5 gxh5 26. Qxh5 Qxc4+ 27. Kg1 Qd4 28.
Qxh7+ Kf8 29. g6 Qg7 30. Qxg7+ Kxg7 31. gxf7 Kxf7 32. Ra3 Rf8 33. e5 Bb5 34.
Ne4 dxe5 35. fxe5 Rg8+ 36. Kf2 Rad8 37. Rf3+ Ke8 38. d6 Bc6 39. Ndc3 exd6 40.
Nf6+ Kf8 41. Nfd5+ Ke8 42. Rh7 Rb8 43. Nc7+ Kd8 44. Ne6+ Ke8 45. exd6 Rxb2+ 46.
Kf1 Rb7 47. Rff7 Rxf7+ 48. Rxf7 Bg2+ 49. Kf2 Kxf7 50. Nxc5 Bc6 51. Nxa6 Rd8 52.
Nb4 Be8 53. Ne4 Ke6 54. Ke3 Ke5 55. Nd3+ Kd5 56. Nf4+ Kc6 57. Kd4 Kb5 58. Ne6
Rc8 59. d7 Rc4+ 60. Kd3 Bxd7 61. Nd6+ Kb4 62. Nxc4 Bxe6 63. Kc2 Bxc4 64. Kb1
Ka3 65. Ka1 Kb3 66. Kb1 Bb5 67. Ka1 Kc2 68. Ka2 1/2-1/2

[Event "U.S. Open"]
[Site "Concord, Calif."]
[Date "1995.08.14"]
[Round "8"]
[White "Calton, Bill"]
[Black "Moody, David"]
[Result "0-1"]
[WhiteElo "2217"]
[BlackElo "2019"]
[PlyCount "60"]
[EventDate "1995.08.06"]

1. e4 e5 2. Nf3 Nc6 3. d4 exd4 4. Bc4 Nf6 5. O-O Bc5 6. e5 d5 7. exf6 dxc4 8.
Re1+ Be6 9. Ng5 Qd5 10. Nc3 Qf5 11. Nce4 O-O-O 12. g4 Qe5 13. fxg7 Rhg8 14.
Nxe6 fxe6 15. Bh6 d3 16. c3 d2 17. Re2 Rd3 18. Kg2 Be3 19. Bxe3 Qxe4+ 20. f3
Qd5 21. Rxd2 Rxg7 22. Rxd3 cxd3 23. Kg3 Ne5 24. Bd4 h5 25. h3 hxg4 26. hxg4 Rf7
27. f4 Ng6 28. Be3 Qe4 29. Qd2 Ne5 30. Rf1 Nc4 0-1

[Event "U.S. Open"]
[Site "Concord, Calif."]
[Date "1995.08.15"]
[Round "9"]
[White "Moody, David"]
[Black "Perelshteyn, Eugene"]
[Result "0-1"]
[WhiteElo "2019"]
[BlackElo "2229"]
[PlyCount "60"]
[EventDate "1995.08.06"]

1. e4 c5 2. Nf3 d6 3. d4 cxd4 4. Nxd4 Nf6 5. Nc3 a6 6. Bg5 e6 7. f4 Be7 8. Qf3
Qc7 9. O-O-O h6 10. Bh4 Nbd7 11. Be2 g5 12. fxg5 Ne5 13. Qf4 Nh7 14. Qf2 hxg5
15. Bg3 Bd7 16. Rhf1 O-O-O 17. Bh5 Nf6 18. Be2 g4 19. Nb3 Bc6 20. Bxe5 dxe5 21.
Rxd8+ Bxd8 22. Nc5 Rxh2 23. Rd1 Be7 24. N5a4 b5 25. Nc5 Bxc5 26. Qxc5 Nxe4 27.
Qf8+ Kb7 28. Nxe4 Bxe4 29. Bd3 Bxg2 30. Qe8 Rh1 0-1

[Event "U.S. Open"]
[Site "Concord, Calif."]
[Date "1995.08.16"]
[Round "10"]
[White "Miller, Ike"]
[Black "Moody, David"]
[Result "1-0"]
[WhiteElo "2180"]
[BlackElo "2019"]
[PlyCount "73"]
[EventDate "1995.08.06"]

1. d4 Nf6 2. c4 c5 3. d5 e6 4. Nc3 exd5 5. cxd5 d6 6. e4 g6 7. Bd3 Bg7 8. Nge2
O-O 9. O-O Re8 10. Ng3 a6 11. a4 Nbd7 12. f4 Rb8 13. Kh1 c4 14. Bxc4 Nc5 15. e5
Ng4 16. h3 Qh4 17. Qf3 dxe5 18. f5 Nf6 19. Ba2 g5 20. Qe3 g4 21. Nge4 Ncxe4 22.
Nxe4 gxh3 23. Nxf6+ Bxf6 24. Qxh3 Qxa4 25. Bh6 Qh4 26. Qxh4 Bxh4 27. d6 Bd7 28.
Bd5 e4 29. Rf4 Bf6 30. Rg4+ Kh8 31. Bxf7 Re5 32. Rf4 Rxf5 33. Rxf5 Bxf5 34. Rf1
e3 35. Bxe3 Rf8 36. Rxf5 Rxf7 37. Rxf6 1-0

[Event "U.S. Open"]
[Site "Concord, Calif."]
[Date "1995.08.17"]
[Round "11"]
[White "Moody, David"]
[Black "Hirsh, Alan"]
[Result "0-1"]
[WhiteElo "2019"]
[BlackElo "1797"]
[PlyCount "36"]
[EventDate "1995.08.06"]

1. e4 c5 2. Nf3 Nc6 3. d4 cxd4 4. Nxd4 g6 5. Nc3 Bg7 6. Be3 Nf6 7. Bc4 O-O 8.
O-O Nxe4 9. Nxc6 bxc6 10. Nxe4 d5 11. Bd3 dxe4 12. Bxe4 Ba6 13. Bxc6 Rc8 14.
Qxd8 Rfxd8 15. Rfd1 Rxd1+ 16. Rxd1 Rxc6 17. Rd8+ Bf8 18. Bh6 Rc8 0-1

[Event "U.S. Open"]
[Site "Concord, Calif."]
[Date "1995.08.18"]
[Round "12"]
[White "Koons, Nat"]
[Black "Moody, David"]
[Result "1-0"]
[WhiteElo "1727"]
[BlackElo "2019"]
[PlyCount "85"]
[EventDate "1995.08.06"]

1. e4 e5 2. Nf3 Nc6 3. Bc4 Nf6 4. d3 Bc5 5. Nc3 d6 6. Bg5 Be6 7. Bb3 Qe7 8. Nd5
Bxd5 9. Bxd5 Nd8 10. c3 c6 11. Bb3 Ne6 12. Be3 Bb6 13. O-O O-O 14. a4 Ng4 15.
Qe2 Rad8 16. h3 Nxe3 17. fxe3 Nf4 18. Qd2 d5 19. exd5 Nxd5 20. d4 e4 21. Ne5
Qxe5 22. dxe5 Bxe3+ 23. Qxe3 Nxe3 24. Rf4 Rd2 25. e6 Nd5 26. Raf1 Nf6 27. exf7+
Kh8 28. Re1 Rxb2 29. Bc4 Rc2 30. g4 Rxc3 31. Be6 Rxh3 32. Kg2 Rh6 33. Kf2 Nh5
34. Rfxe4 Rxe6 35. Rxe6 Rxf7+ 36. Kg1 Nf6 37. Re8+ Ng8 38. g5 g6 39. Ra8 Kg7
40. Rxa7 h6 41. gxh6+ Kxh6 42. Rb1 g5 43. Rbxb7 1-0

[Event "Lansing December Mini-Swiss.1"]
[Site "?"]
[Date "1995.12.10"]
[Round "3"]
[White "Sobocinski, Mike"]
[Black "Aldrich, Jeff"]
[Result "1-0"]
[WhiteElo "1969"]
[BlackElo "1915"]
[PlyCount "123"]
[EventDate "1995.??.??"]

1. d4 d5 2. c4 c6 3. Nc3 Nf6 4. Nf3 e6 5. cxd5 exd5 6. Bg5 Nbd7 7. e3 Be7 8.
Bd3 h6 9. Bh4 O-O 10. O-O b6 11. Rc1 Bb7 12. Qc2 Rc8 13. Ne5 Nxe5 14. dxe5 Ng4
15. Bg3 Bh4 16. Qe2 Bxg3 17. Qxg4 Bxe5 18. Qf5 Bxh2+ 19. Kxh2 Qh4+ 20. Kg1 g6
21. Qd7 Rb8 22. Qd6 Qg5 23. Ne2 c5 24. Qf4 Qxf4 25. Nxf4 g5 26. Nh5 f5 27. Ng3
Bc8 28. Ne2 f4 29. Nc3 c4 30. Be2 Be6 31. Bf3 Rbd8 32. Rcd1 d4 33. exd4 g4 34.
Bc6 f3 35. Rfe1 Rd6 36. Rxe6 Rxe6 37. Bd5 Rfe8 38. Bxc4 Kg7 39. Bxe6 Rxe6 40.
gxf3 gxf3 41. Rd3 Rg6+ 42. Kf1 Rf6 43. Ne4 Rf4 44. Nd2 h5 45. Nxf3 h4 46. Ng5
Kf6 47. Nh3 Rg4 48. Rf3+ Ke6 49. Rf4 Rg8 50. Rxh4 Rc8 51. Nf4+ Kf5 52. Ne2 Rc2
53. Rh5+ Kf6 54. Rb5 Ke6 55. Ke1 Kd6 56. Kd1 Rc7 57. Nc3 Rf7 58. Rg5 a6 59.
Rg6+ Kc7 60. Nd5+ Kd8 61. Ke2 Rd7 62. Rg8# 1-0

[Event "Lansing December Mini-Swiss.1"]
[Site "?"]
[Date "1995.12.10"]
[Round "1"]
[White "Bryan, Jerod"]
[Black "Aldrich, Jeff"]
[Result "0-1"]
[WhiteElo "2266"]
[BlackElo "1915"]
[PlyCount "86"]
[EventDate "1995.??.??"]

1. e4 c6 2. Nc3 d5 3. Nf3 Bg4 4. h3 Bh5 5. exd5 cxd5 6. Bb5+ Nc6 7. g4 Bg6 8.
Ne5 Rc8 9. h4 d4 10. h5 Bxc2 11. Qf3 Qd6 12. Qxf7+ Kd8 13. Nxc6+ bxc6 14. Qxf8+
Kc7 15. Qf3 dxc3 16. Be2 Nf6 17. d3 Qb4 18. Qf4+ Qd6 19. Qxd6+ exd6 20. bxc3
Rce8 21. Be3 Nd5 22. Kd2 Nxe3 23. fxe3 Ba4 24. Rhf1 Rhf8 25. c4 c5 26. Rxf8
Rxf8 27. Rf1 Rxf1 28. Bxf1 Bc6 29. Ke2 Kb6 30. Kf2 Ka5 31. g5 h6 32. gxh6 gxh6
33. Bg2 Be8 34. Bf3 Kb4 35. Be2 Ka3 36. d4 Kxa2 37. dxc5 dxc5 38. e4 Kb3 39. e5
a5 40. Ke3 a4 41. Bd1+ Kc3 42. Bxa4 Bxa4 43. Ke4 Kxc4 0-1

[Event "Lansing December Mini-Swiss.1"]
[Site "?"]
[Date "1995.12.10"]
[Round "2"]
[White "Aldrich, Jeff"]
[Black "Horton, Deon"]
[Result "0-1"]
[WhiteElo "1915"]
[BlackElo "1897"]
[PlyCount "118"]
[EventDate "1995.??.??"]

1. d4 Nf6 2. c4 g6 3. Nc3 Bg7 4. e4 d6 5. Bg5 O-O 6. f3 Na6 7. Qd2 e5 8. d5 Qd7
9. Nh3 c6 10. Nf2 cxd5 11. cxd5 h5 12. h4 Nh7 13. Bh6 f5 14. Bxg7 Kxg7 15. Be2
f4 16. O-O-O Qc7 17. Rdg1 Bd7 18. g4 Kh8 19. gxh5 gxh5 20. Nd3 b5 21. Kb1 b4
22. Nd1 Nc5 23. Nxb4 Rab8 24. Qc3 Qb6 25. Nd3 Nxd3 26. Qxd3 Rg8 27. Rxg8+ Rxg8
28. Qa6 Qc5 29. Nc3 Nf6 30. Rc1 Rg1 31. Nd1 Qb6 32. Qxb6 axb6 33. Nc3 Rxc1+ 34.
Kxc1 Nh7 35. Bb5 Bc8 36. Na4 Bh3 37. Nxb6 Bg2 38. Be2 Nf8 39. Nc4 Ng6 40. Nxd6
Nxh4 41. Nb7 Bh3 42. d6 Ng6 43. Nc5 Nf8 44. Bb5 h4 45. d7 Nxd7 46. Nxd7 Bg2 47.
Nxe5 h3 48. Ng4 Bxf3 49. Nf2 h2 50. e5 Kg8 51. Kd2 Bd5 52. b3 Kf8 53. Kd3 h1=Q
54. Nxh1 Bxh1 55. a4 Ke7 56. Bc4 Bc6 57. Kd4 f3 58. Bd5 Bxd5 59. Kxd5 f2 0-1